000 01435cab a2200265 4500
001 WB3426-33
008 090401t1998 xxu||||| |||| 00| 0 eng d
035 _a(Sirsi) u87271
041 _aeng
245 _aBreak notice
260 _c1998
350 _a0
490 _aEstates Gazette
_v[1998] EGCS 101 (3/07/1998)
520 _a"Garston and ohters v Scottish Widows Fund & Life Assurance Society" CA 25 June 1998. Appellant lessees occupied office premises under a lease dated 1985, for a twenty year term. A break clause entitled them to terminate the lease at the end of the 10th year. Lessees sent lessors two notices: the first operating the break clause; the second requesting a new tenancy. Held in ChD judgement that neither notice was effective as the lessee had treated the date of the grant as the start date of the term. Lessees appealed in light of the decision in "Mannai v Eagle Star Assurance" that the contractual notice could no longer be held invalid. Appeal allowed.
650 _aBREAK CLAUSE
650 _aCONTRACTUAL NOTICE
650 _aGARSTON AND OTHERS V SCOTTISH WIDOWS FUND AND LIFE ASSURANCE SOCIETY
650 _aLANDLORD AND TENANT ACT 1954 S26
650 _aMANNAI INVESTMENT CO LTD V EAGLE STAR LIFE ASSURANCE CO LTD UK
650 _aNEW TENANCY
650 _aTERMINATION OF LEASE
690 _aLANDLORD AND TENANT-CASE LAW-BUSINESS TENANCIES
942 _n0
948 _c08/07/1998
999 _c55035
_d55035